000 00480nam a2200181Ia 4500
008 090124s9999 xx 000 0 und d
082 _b26594
100 _aतिबिले अनंत
245 _a धडक
250 _a0
260 _bअरुंधती प्रकाशन
_c1988
300 _a223
600 _aतिबिले अनंत
630 _a धडक
700 _aतिबिले अनंत
730 _a धडक
942 _cBOOK
999 _c96803
_d96803